Normal view
MARC view
Entry Personal Name
Number of records used in: 146
001 - CONTROL NUMBER
- control field: 25670
003 - CONTROL NUMBER IDENTIFIER
- control field: dpl
005 - DATE AND TIME OF LATEST TRANSACTION
- control field: 20110128111933.0
008 - FIXED-LENGTH DATA ELEMENTS
- fixed length control field: 110128|||a|||||| | ||| d
040 ## - CATALOGING SOURCE
- Original cataloging agency: dpl
- Transcribing agency: dpl
100 ## - HEADING--PERSONAL NAME
- Personal name: कौसर लईक
670 ## - SOURCE DATA FOUND
- Source citation: Work cat.: (dpl): 25632 उमर हयात खाँ ग़ौरी, इस्लाम में औरत का स्थान और मुस्लिम पर्सनल लॉ /, 2008
670 ## - SOURCE DATA FOUND
- Source citation: Work cat.: (dpl): 25632 उमर हयात खाँ ग़ौरी, इस्लाम में औरत का स्थान और मुस्लिम पर्सनल लॉ /, 2008
